zpět

Detail výsledku týmu

Bartolomějka, Kolín

Datum a čas kvízu

26 Celkem bodů Celkový počet nahraných bodů na tomto kvízu bez doplňovacích otázek.
10. Pořadí na kvízu Konečné umístění týmu na tomto kvízu.

Zaznamenané odpovědi

# Otázka Odpověď Body Výsledky
1. Minulý týden byly vyhlášeny vý... Pavel Pafko 0
2. V sousedním Rakousku před něko... Sebastian Kurz 1
3. Minulý týden vstoupil do český... Joaquin Phoenix 1
4. Tento muž dělal 10 let šéfdesi... Jozef Kabaň 0
5. Horolezec Radek Jaroš jako šes... Kilimandžáro/ Uhuru 0
6. Napíšete-li název afghánské le... Bagram 0
7. Jak se jmenuje současný náčeln... Aleš Opata 1
8. Jak se nazývá město, u něhož s... Náměšť nad Oslavou 0
9. Jednou z prvních zahraničních... Bosna a Hercegovina 0
10. Napište čtyřpísmenné označení... BREN 0